000 02348nab a2200277 a 4500
005 20241016063846.0
008 991125c2018 sp ar p o 000 0 spa d
035 _aUPN01000228415
040 _aUPN
_bspa
_cUPN
_eaacr2
049 _aART-E
100 1 _aHuerta, Ricard
_6- ricard.huerta@uv.es
_937425
245 1 0 _aHurgar en los miedos al cuerpo. La formación en artes de futuras maestras interpelando la obra de mujeres artistas
_h[recurso electrónico en línea]
506 0 _aAcceso abierto
520 3 _aPlanteamos el uso del arte contemporáneo en la formación de docentes. Consideramos de gran interés acercar los actuales dispositivos del arte a las futuras generaciones de maestros y maestras, ya que en el mundo del arte se están tratando temáticas sociales y culturales que van a resultar decisivas en la labor que deberán llevar a cabo quienes eduquen. Desde una perspectiva regeneradora y vitalista, proponemos una posibilidad de estrategias en la formación artística del colectivo docente. Integramos temáticas que habitualmente no se tratan en el ámbito escolar, pero que están vinculadas a las emociones, a las necesidades y a la vida cotidiana del alumnado. Conceptos como «el miedo» o «el cuerpo» permiten indagar en las problemáticas más cercanas, sin dejar de revisar lo que las artes han planteado al respecto desde siempre, ya que se trata de elementos con presencia constante tanto en nuestras vidas como en la historia del arte. Abordamos los conceptos utilizando la obra de las artistas Carmen Calvo y Anna Ruiz Sospedra. La metodología utilizada es mixta, combinando la Investigación Educativa Basada en las Artes con la «Artography». Entre los resultados obtenidos destacamos la gran aceptación por parte del alumnado universitario de los procesos innovadores utilizados.
650 4 _aGénero
_95712
650 2 _aCuerpo humano
_99138
653 0 _aArte contemporáneo
653 0 _aEducación artística
653 0 _aFormación docente
773 _gVol. 13 (2018), p. 69-84
_tArteterapia : papeles de arteterapia y educación artística para la inclusión social
_x1988-8309
856 4 _uhttp://dx.doi.org/10.5209/ARTE.60132
856 4 _uhttp://revistas.ucm.es/index.php/ARTE/article/view/60132/4564456549101
902 _aGloria Jiménez
905 _aArticulo
942 _cART-E
999 _c200510
_d200510